000 00808cam a22002773a 4500
001 4070
003 PGUSA
005 20140828083048.0
008 030501s2003||||xxu|||||s|||||000 | eng d
040 _aPGUSA
_beng
042 _adc
050 4 _aPT
100 1 _aIbsen, Henrik,
_d1828-1906
245 1 4 _aThe Master Builder
_h[electronic resource] /
_cHenrik Ibsen
260 _bProject Gutenberg,
_c2003
506 _aPublic domain in the USA.
516 _aElectronic text
653 _aArchitects -- Drama
653 _aNorwegian drama -- Translations into English
700 1 _aArcher, William,
_d1856-1924
700 1 _aGosse, Edmund,
_d1849-1928
740 0 _aBygmester Solness. English
830 0 _aProject Gutenberg
_v4070
856 4 0 _uhttp://www.gutenberg.org/ebooks/4070
942 _cEB
999 _c233399
_d233399